| 000 | 00439nam a2200145Ia 4500 | ||
|---|---|---|---|
| 008 | 151021s9999 xx 000 0 und d | ||
| 020 | _a9.7801361541e+012 | ||
| 050 | _aHF1008 .B685 2008 | ||
| 245 | _a_Business in Action with real- time Updates Courtland L .Bovee | ||
| 260 | _aNew jersey Pearson Education 2008 | ||
| 300 | _axliv,456p.;ill | ||
| 650 | _a_Business | ||
| 700 | _a_John V.Till | ||
| 980 | _a^d20130520 10:55:37^oanne | ||
| 999 |
_c13473 _d13473 |
||